000 00549nam a22001337a 4500
999 _c528088
_d528088
022 _a1814-070X EISSN#: 2415-2633
082 _a600
100 _aJamil Ahmad
_919636
245 _aJournal of Applied and Emerging Sciences /
_bJ Appl Emerg Sci.
_chttp://www.buitms.edu.pk/Office/research/
260 _aQuetta:
_bBalochistan University of Information Technology and Management Sciences (BUITMS), Jinnah Town, Samungli Road, Quetta, Pakistan.
300 _c24cm.
650 _aGeneral$Multidisciplinary (Ex Social Sciences)
_919637
942 _cCR
_s1